Histoire de l'esclavage dans l'antiquité / (Record no. 167843)
[ view plain ]
| 000 -LEADER | |
|---|---|
| campo de control de longitud fija | 00618nam a2200181 i 4500 |
| 001 - NÚMERO DE CONTROL | |
| campo de control | 167843 |
| 003 - IDENTIFICADOR DE NÚMERO DE CONTROL | |
| campo de control | ES-MaACL |
| 005 - FECHA Y HORA DE LA ÚLTIMA TRANSACCIÓN | |
| campo de control | 20250918063042.0 |
| 008 - DATOS DE LONGITUD FIJA--INFORMACIÓN GENERAL | |
| campo de control de longitud fija | 050928s1847 fr | |||||||| ||fre d |
| 040 ## - FUENTE DE CATALOGACIÓN | |
| Centro catalogador/agencia de origen | CAM |
| Lengua de catalogación | spa |
| Centro/agencia transcriptor | CAM |
| 100 1# - ENTRADA PRINCIPAL--NOMBRE DE PERSONA | |
| Nombre de persona | Wallon, Henri, |
| Fechas asociadas al nombre | 1812-1904 |
| 9 (RLIN) | 152274 |
| 245 10 - MENCIÓN DEL TÍTULO | |
| Título | Histoire de l'esclavage dans l'antiquité / |
| Mención de responsabilidad, etc. | par H. Wallon. |
| 260 ## - PUBLICACIÓN, DISTRIBUCIÓN, ETC. | |
| Lugar de publicación, distribución, etc. | Paris : |
| Nombre del editor, distribuidor, etc. | a l'Imprimerie Royale : |
| -- | Debrozy, E. Magdeleine et Cie. ( |
| Lugar de fabricación/manufactura | 1847) |
| 300 ## - DESCRIPCIÓN FÍSICA | |
| Extensión | 3 v. (487; 493; 578 p.) ; |
| Dimensiones | 21 cm. |
| 650 #4 - PUNTO DE ACCESO ADICIONAL DE MATERIA--TÉRMINO DE MATERIA | |
| Término de materia o nombre geográfico como elemento de entrada | Esclavitud- |
| Subdivisión general | Historia. |
| 9 (RLIN) | 12361 |
| 852 ## - LOCALIZACIÓN | |
| Ubicación | ES-MaACL |
| Número de control de estantería | G-7129-31 |
| Nota libre | -- Enc. hol. |
| Estatus retirado | Estado de pérdida | Estado de daño | No para préstamo | Biblioteca de origen | Biblioteca actual | Ubicación en estantería | Fecha de adquisición | Total de préstamos | Signatura topográfica completa | Código de barras | Visto por última vez | Precio de reemplazo | Tipo de ítem Koha |
|---|---|---|---|---|---|---|---|---|---|---|---|---|---|
| Biblioteca del Ateneo de Madrid | Biblioteca del Ateneo de Madrid | Depósito 2 | 17/01/2008 | G-7129-31 | 1176087 | 23/02/2023 | 23/02/2023 | Libro impreso |
